LEADER 00992nam a2200193 i 4500 001 000000216216 003 CaOOAMICUS 005 20121009000000.0 008 121009s1745 it u000 u lat u 013 $a195097 026 $ar.t. ***. i-s. mide (3) 1745 (R) 040 $aSeMil$bita 245 10$aTomus secundus in quo de Sanctissima Trinitate agitur. 300 $a[4], 473, [11] p. 500 $aSegn. : p² A-3N4 3O6. 773 0 $aPetau, Denys $tDionysii Petauii ... Opus de theologicis dogmatibus, in hac nouissima editione auctius Libro de Tridentini Concilii interpretatione, libris 2. Dissertationum ecclesiasticarum, Diatribâ de potestate consecrandi, & libris 8. De p?nitentia. Tomus 1. [-6.].$dVenetiis : Ex Typographia Andreae Poleti, 1745.$g2$w()27491 850 $aSeMil 852 $aSeMil$W1$xVenegono$y1$m2C VI 45 FA$j166635$B166635$CSeMilBibl$Z2$F177505 $8I 996 $6245$aTomus secundus in quo de Sanctissima Trinitate agitur$9(OLS)http://semarc/title/311034 LEADER 01072nam a2200253 i 4500 001 000000225083 003 CaOOAMICUS 005 20131120000000.0 008 131120s1982 it u000 u ita u 013 $a203981 040 $aSeMil$bita 100 1 $aAmmassari, Antonio.$0(OLS)http://semarc/name/13322 240 03$aIl Vangelo di Luca.$0(OLS)http://semarc/title/1433 245 12$aI Dodici :$bnote esegetiche sulla vocazione degli apostoli /$cAntonio Ammassari. 260 $aRoma :$bCittà Nuova,$ccopyr. 1982. 300 $a147 p. ;$c21 cm. 490 0 $aCollana scritturistica di Città Nuova 650 4$aApostoli.$0(OLS)http://semarc/subject/2557 830 0$aCollana scritturistica di Città Nuova.$0(OLS)http://semarc/title/6118 850 $aSeMil 852 $aSeMil$W1$xVenegono$y1$m2W I 301$j175429$B175429$CSeMilBibl$Z2$F185421 $81 961 $aAcquisto: Città Nuova 996 $6245$aI Dodici :$bnote esegetiche sulla vocazione degli apostoli$9(OLS)http://semarc/title/322460 996 $6260$aRoma :$bCittà Nuova$9(OLS)http://semarc/publisher/29609